Biblioteca

La pareja humana en la biblia (Registro nro. 66564)

Detalles MARC
000 -LÍDER
Campo fijo de descripción fija 03049nam a2200313 i 4500
001 - NÚMERO DE CONTROL
Campo de control 768714001
003 - IDENTIFICADOR DEL NÚMERO DE CONTROL
Campo de control CO-MdFUSB
005 - FECHA Y HORA DE LA ULTIMA TRANSACCIÓN
control field 20210416140215.0
007 - CAMPO FIJO DE DESCRIPCIÓN FIJA--INFORMACIÓN GENERAL
Campo fijo de descripción fija ta
008 - ELEMENTOS DE LONGITUD FIJA -- INFORMACIÓN GENERAL
Campo fijo de descripción fija -- Información general 200727t1994 sp |||| |||| 00| 0 spa d
020 ## - NÚMERO INTERNACIONAL NORMALIZADO PARA LIBROS
Número Internacional Normalizado del libro 8428516359
040 ## - FUENTE DE CATALOGACIÓN
Agencia de catalogación original CO-MdFUSB
Idioma de catalogación spa
Agencia que realiza la transcripción CO-MdFUSB
Agencia que realiza la modificación CO-MdFUSBC
Convenciones de la descripción rda
041 ## - CÓDIGO DE IDIOMA
Código de idioma para texto/pista de sonido o título separado spa
082 ## - NÚMERO DE CLASIFICACIÓN DECIMAL DEWEY
Número de la edición del Dewey 23
Número de clasificación 306.81
Clave de autor-Numero de item G643
100 ## - ASIENTO PRINCIPAL--NOMBRE PERSONAL
Nombre personal González Núñez, Ángel
Fechas asociadas con el nombre 1925-1994
Término relacionador autor
245 #3 - TÍTULO
Título del Material La pareja humana en la biblia
Mención de responsabilidad, etc. / Ángel González Nuñez
264 #1 - PRODUCCIÓN, PUBLICACIÓN, DISTRIBUCIÓN, MANUFACTURA, Y COPYRIGHT
Lugar de producción, publicación, distribución, manufactura Madrid, España :
Nombre del productor, publicador, distribuidor San Pablo,
Fecha de producción, publicación, distribución, manufactura, o copyright [1994]
264 #4 - PRODUCCIÓN, PUBLICACIÓN, DISTRIBUCIÓN, MANUFACTURA, Y COPYRIGHT
Fecha de producción, publicación, distribución, manufactura, o copyright ©1994
300 ## - DESCRIPCIÓN FÍSICA
Dimensiones ;
336 ## - TIPO DE CONTENIDO
Fuente rdacontent
Término de tipo de contenido texto
Código de tipo de contenido txt
337 ## - TIPO DE MEDIO
Fuente rdamedia
Nombre del tipo de medio sin mediación
Código del tipo de medio n
338 ## - TIPO DE SOPORTE
Fuente rdacarrier
Nombre del tipo de soporte volumen
Código Tipo de soporte nc
490 ## - MENCIÓN DE SERIE
Mención de serie Proyecto familia
505 ## - NOTA DE CONTENIDO
Nota de contenido con formato preestablecido Introducción -- La pareja humana -- La pareja -- Historia -- Problemas -- Recambios -- Expectativas -- Perspectiva -- Imagen bíblica -- Un arquetipo -- Las fuentes -- El régimen patriarcal -- La casa del padre -- La comunidad familiar - Simbolismo matrimonial -- Imagen en movimiento -- Filosofía de una institución -- La familia y la sociedad -- En el marco de la creación -- En el espacio de la alianza -- Construir la casa -- Ámbito de relaciones y funciones -- Elección de pareja -- Elección -- Quién elige -- Ocasiones de encuentro -- Las reglas de la elección -- Los prometidos -- El mohar, ¿compra de la mujer? -- La convivencia -- El amor celbrado -- Narraciones poéticas -- La belleza humana y el gozo del amor -- Cantos de novios -- El Cantar de los cantares -- Cantos del amor humano -- La fiesta de la pareja -- El sexo -- Tratamiento bíblico -- Encuadre en la creación y en la alianza -- Poligamia - monogamia -- Fuera del matrimonio -- Desviaciones -- Abstinencia y sublimación -- Valoración -- La mujer -- Una vieja pregunta --- Ideal de igualdad -- Realidad de sometimiento -- La mujer en acción -- Mujeres celebradas -- Los hijos -- El fruto de la pareja -- Fecndidad y esterilidad -- Regalo prometido -- La acogida -- El primogénito y los otros hijos -- Los dolores de la pareja -- Desajustes y rompimientos -- Algunas muestras -- Motivos del desajuste -- Divorcio y viudez -- Rupturas generacionales -- Un proyecto utópicos -- Realidad hermosa, pero frágil -- Proyecto muy trabajado -- Escollos y vías de escape -- Afirmarse en el descendiente -- Bibliografía
520 ## - NOTA DE RESUMEN, ETC.
Nota de sumario, etc. La historia humana comienza el día en que se encuentran por primera vez un hombre y una mujer. Desde entonces, la naturaleza creadora inscribió en sus cuerpos y en sus almas principios de mutua pertenencia, les recomendó unirse y ayudarse, poblar la tierra y gobernarla. Sin embargo, siempre que un hombre y una mujer deciden unir sus vidas, lo reviven como acontecimiento original. El autor se propone observar y comentar el funcionamiento de la pareja humana en la historia a la luz de la Biblia, cuya visión está en las entrañas de nuestra cultura y sus postulados en el fondo de nuestra conciencia.
650 #7 - ASIENTO SECUNDARIO DE MATERIA - TERMINO TEMÁTICO
9 (RLIN) 224
Término temático o nombre geográfico como elemento de entrada Familia y enseñanza
942 ## - TIPO DE MATERIAL (KOHA)
Tipo de Item KOHA Libros General
945 ## - INFORMACIÓN LOCAL DEL REGISTRO
Catalogador Dani
Existencias
Estado de Material Estado de Perdido Forma de Clasificación Estado de Dañado No para Préstamo Colección Biblioteca de Origen Biblioteca Permanente Fecha de Adquisición Área Total de Préstamos Signatura Topográfica Código de Barras Última vez visto Ejemplar/Existencia Fecha de Remplazo Tipo de Material
    Dewey Decimal Classification     Colección General Biblioteca FUSBC Biblioteca FUSBC 27/07/2020 VIDA CRISTIANA   G 306.81 G643p 10715 27/07/2020 Ej.1 27/07/2020 Libros General

Biblioteca FUSBC | Teléfono: (57+4) 349 88 10 Ext. 141| WhatsApp (+57) 3005338115 
E-mail: biblioteca@unisbc.edu.co | Calle 76 87-14 Robledo Palenque, Medellín, Colombia

Con tecnología Koha